Sudden Death - Renaissance artists - Statistics

General Stats
  • This quiz has been taken 78 times
  • The average score is 6 of 17
Answers on the Grid
Answers color-coded by a green-red scale on the quiz's grid according to % correct below.
Raphael
Mona Lisa
Canaletto
Fra Angelico
Federico da Montefeltro
Titian
Steen
Hieronymus Bosch
Giovanni Bellini
Giovanni Giolitti
Sandro Botticelli
Masaccio
Ludovico Sforza
Albrecht Dürer
Praxiteles
Lorenzo Ghiberti
Leonardo da Vinci
Jacques-Louis David
Jan van Eyck
Filippo Lippi
Simonetta Cattaneo Vespucci
Piero della Francesca
Francesco Guardi
Filippo Brunelleschi
Pieter Bruegel
Dante Gabriel Rossetti
Donatello
Girolamo Fracastoro
Vincent van Gogh
Tintoretto
 
Answer Stats
Answer % Correct
Raphael
90%
Leonardo da Vinci
69%
Donatello
58%
Sandro Botticelli
58%
Titian
48%
Filippo Brunelleschi
37%
Hieronymus Bosch
31%
Albrecht Dürer
29%
Jan van Eyck
29%
Tintoretto
27%
Fra Angelico
25%
Pieter Bruegel
25%
Piero della Francesca
23%
Giovanni Bellini
19%
Lorenzo Ghiberti
19%
Filippo Lippi
17%
Masaccio
15%
No matching quizzes found
Score Distribution
Percent of People with Each Score
Percentile by Number Answered
Your Score History
You have not taken this quiz